| 000 | 00000nam##2200000za#4500 |
| 001 | 9.577682 |
| 003 | CaOODSP |
| 005 | 20210624185728 |
| 007 | cr ||||||||||| |
| 008 | 150406|1981||||xxc|||||o f|0| 0 eng|d |
| 022 | |a1488-5379 |
| 040 | |aCaOODSP|beng |
| 043 | |an-cn--- |
| 086 | 1 |aFs97-6/1057E-PDF |
| 110 | 1 |aCanada. |bDepartment of Fisheries and Oceans. |
| 245 | 10|aSome aspects of food and growth of fish species in Babine Lake, British Columbia / |h[electronic resource]|cby Terry D. Beachman and J.G. McDonald. |
| 260 | |aNanaimo - British Columbia : |bFisheries and Oceans Canada |c1981. |
| 300 | |a29p.|bfigs., references, tables |
| 490 | 1 |aCanadian technical report of fisheries and aquatic sciences|x1488-5379|vNo. 1057 |
| 500 | |aOn t.p.: Pacific Biological Station, Nanaimo, British Columbia. The catalogue number and ISSN for the print edition appear in the PDF version. |
| 546 | |a(Résumé en français) |
| 590 | |a13-25-Supp|b2013-10-28 |
| 720 | 1 |aBeachman, Terry D. |
| 720 | 1 |aMcDonald, J. G. |
| 830 | #0|aCanadian technical report of fisheries and aquatic sciences,|x1488-5379|vNo. 1057|w(CaOODSP)9.504449 |
| 856 | 40|ahttp://publications.gc.ca|qPDF|s1421 KB|uhttps://publications.gc.ca/collections/collection_2013/mpo-dfo/Fs97-6-1057-eng.pdf|yNo. 1057 |